Crimes of writing problems in the containment of representation /

Wedi'i Gadw mewn:
Manylion Llyfryddiaeth
Prif Awdur: Stewart, Susan, 1952-
Awdur Corfforaethol: ebrary, Inc
Fformat: Electronig eLyfr
Iaith:Saesneg
Cyhoeddwyd: New York : Oxford University Press, c1991.
Pynciau:
Mynediad Ar-lein:An electronic book accessible through the World Wide Web; click to view
Tagiau: Ychwanegu Tag
Dim Tagiau, Byddwch y cyntaf i dagio'r cofnod hwn!

MARC

LEADER 00000nam a2200000Ia 4500
001 0000107726
005 20171002055633.0
006 m u
007 cr cn|||||||||
008 900523s1991 nyua sb 001 0 eng d
010 |z  90039822 
020 |z 0195066170 (alk. paper) 
020 |z 9780195066173 
035 |a (CaPaEBR)ebr10279381 
035 |a (OCoLC)252604160 
040 |a CaPaEBR  |c CaPaEBR 
050 1 4 |a PN171.F6  |b S74 1991eb 
082 0 4 |a 809  |2 20 
100 1 |a Stewart, Susan,  |d 1952- 
245 1 0 |a Crimes of writing  |h [electronic resource] :  |b problems in the containment of representation /  |c Susan Stewart. 
260 |a New York :  |b Oxford University Press,  |c c1991. 
300 |a x, 353 p. :  |b ill. 
504 |a Includes bibliographical references (p. 291-310) and index. 
533 |a Electronic reproduction.  |b Palo Alto, Calif. :  |c ebrary,  |d 2013.  |n Available via World Wide Web.  |n Access may be limited to ebrary affiliated libraries. 
650 0 |a Law and literature. 
650 0 |a Literary forgeries and mystifications. 
650 0 |a Mimesis in literature. 
650 0 |a Ut pictura poesis (Aesthetics) 
655 7 |a Electronic books.  |2 local 
710 2 |a ebrary, Inc. 
856 4 0 |u http://site.ebrary.com/lib/daystar/Doc?id=10279381  |z An electronic book accessible through the World Wide Web; click to view 
908 |a 170314 
942 0 0 |c EB 
999 |c 96876  |d 96876